• 首页
  • 本馆介绍
  • 公告通知
  • 最新文献
  • 馆藏检索
  • 电子资源
  • 读者导购
  • 参考咨询
  • 我的图书馆
  • 登录
  • 详细信息显示
  • 放入我的书架
  • 预约/预借图书
  • 作者相关作品
  • 分类相关作品
  • 丛书相关作品
  • 出版社相关作品

书目信息

  • 表格格式
  • 工作单格式
  • 卡片格式
题名:
中国现代教育史
    
 
作者: 陈元晖 著
分册:  
出版信息: 北京   人民教育出版社  1979
页数: 278页
开本: 19cm
丛书名:
单 册:
中图分类: G529.6 , G40
科图分类:
主题词: 教育史--中国--现代 , 教育学
电子资源:
ISBN:
000 00631nam0 2200241 450
001 1549511090
005 20150123134733.87
010    @dCNY0.62
091    @a7012.064
100    @a20130329d1979 em y0chiy0110 ea
101 0  @achi
102    @aCN@b110000
105    @ay z 000yy
200 1  @a中国现代教育史@9zhong guo xian dai jiao yu shi@f陈元晖著
210    @a北京@c人民教育出版社@d1979
215    @a278页@d19cm
606 0  @a教育史@y中国@z现代
606 0  @a教育学
690    @aG529.6@v5
690    @aG40@v4
701  0 @a陈元晖@9chen yuan hui@f(1913~1995)@4著
801  0 @aCN@bTSSF@c20150123
905    @aZUCC@dG40@eJY29
    
    中国现代教育史/陈元晖著.-北京:人民教育出版社,1979
    278页;19cm
    
    
    ISBN :CNY0.62
    
●
相关链接 在E读中查询图书 在五车中查询图书 在当当中查询图书 在豆瓣中查询图书


正题名:中国现代教育史     索取号:G40/JY29         预约/预借

序号 登录号 条形码 馆藏地/架位号 状态 备注
1 7839922   278399225   学院路分馆/ [索取号:G40/JY29] 在馆    
2 7839923   278399234   学院路分馆/ [索取号:G40/JY29] 在馆    
3 7839924   278399243   学院路分馆/ [索取号:G40/JY29] 在馆    
4 7839925   278399252   学院路分馆/ [索取号:G40/JY29] 在馆    
唐山师范学院图书馆 欢迎您!
大连网信软件有限公司© 版权所有